Statistics for 2023 Cricket World Cup Teams

Click here to take the quiz!

General Stats

  • This quiz has been taken 78 times
  • The average score is 9 of 10

Answer Stats

Answer% Correct
Australia
99%
India
97%
New Zealand
96%
England
94%
Pakistan
94%
South Africa
93%
Bangladesh
90%
Afghanistan
87%
Netherlands
83%
Sri Lanka
81%

Score Distribution

Percentile by Number Answered

Percent of People with Each Score

Your Score History

You have not taken this quiz